000 00526nam a2200169 a 4500
001 000033697
005 20200930070441.0
008 110906s1890 dr 000 0 spa d
040 _aDO-SdBNP
_Bspa
_cBNPHU
041 1 7 _aeng
100 1 _aTarducci, Francesco
_d1842
_959149
245 1 0 _aThe life of Christopher Columbus /
_cby Francesco Tarducci ; translated from the italian by Henry F. Brownson.
260 _aDetroit:
_aBrownson,
_c1890.
300 _av. ;
_c24 cm.
700 1 _aBrownson, Henry F.
_959150
049 _aBNPD
999 _c33188
_d33188